[Event "Manitoba op U1800"]
[Site "Winnipeg CAN"]
[Date "2025.05.11"]
[Round "4.16"]
[White "Jin, Winston"]
[Black "Hatamian, Arad"]
[Result "0-1"]
[WhiteElo "1584"]
[BlackElo "1783"]
[WhiteFideId "-1"]
[WhiteFideId "-1"]
[PlyCount "140"]
[GameId "2183595120138825"]
[EventDate "2025.05.09"]
[EventType "swiss"]
[EventRounds "5"]
[EventCountry "CAN"]

1. e4 c6 2. d4 d5 3. e5 c5 4. c3 Nc6 5. Nf3 cxd4 6. cxd4 Bg4 7. Nc3 e6 8. Be2 Nge7 9. Be3 Nf5 10. h3 Bxf3 11. Bxf3 Qb6 12. Rb1 Ncxd4 13. Bg4 Nxe3 14. fxe3 Nc6 15. Qd2 Nxe5 16. Be2 Bd6 17. Bb5+ Nc6 18. e4 Bg3+ 19. Kd1 dxe4 20. Bxc6+ Qxc6 21. Qg5 Qd6+ 22. Kc2 O-O 23. Nxe4 Rac8+ 24. Nc3 Be5 25. Qd2 Qxd2+ 26. Kxd2 Bxc3+ 27. bxc3 Rfd8+ 28. Kc2 Rd7 29. Rhd1 Rdc7 30. Rb3 Kf8 31. Rd3 Ke7 32. g4 Rd8 33. Rxd8 Kxd8 34. Rb4 e5 35. Kd3 Ke7 36. Ke4 Ke6 37. c4 g6 38. g5 b6 39. a4 f5+ 40. gxf6 Kxf6 41. h4 Rc6 42. Ke3 Kf5 43. Kf3 h5 44. Ke3 a5 45. Rb5 Rxc4 46. Rxb6 Rxh4 47. Rb8 Rxa4 48. Kf3 Ra3+ 49. Kf2 a4 50. Rf8+ Kg4 51. Kg2 Ra2+ 52. Kf1 a3 53. Re8 Ra1+ 54. Kf2 a2 55. Ra8 h4 56. Kg2 g5 57. Ra3 e4 58. Ra4 h3+ 59. Kh2 Kf3 60. Ra3+ e3 61. Ra4 g4 62. Rf4+ Ke2 63. Ra4 g3+ 64. Kxg3 Rg1+ 65. Kxh3 a1=Q 66. Re4 Qh8+ 67. Rh4 Rh1+ 68. Kg2 Rxh4 69. Kg3 Qg7+ 70. Kxh4 Kf3 0-1

[Event "Manitoba op U1800"]
[Site "Winnipeg CAN"]
[Date "2025.05.11"]
[Round "4.17"]
[White "Rosenstock, Samuel"]
[Black "Johnston, Devin"]
[Result "1-0"]
[WhiteElo "1752"]
[BlackElo "1413"]
[WhiteFideId "-1"]
[WhiteFideId "-1"]
[PlyCount "71"]
[GameId "2183595120138826"]
[EventDate "2025.05.09"]
[EventType "swiss"]
[EventRounds "5"]
[EventCountry "CAN"]

1. e4 c5 2. Nf3 Nc6 3. d4 cxd4 4. Nxd4 e5 5. Nb3 Nf6 6. f3 Bb4+ 7. c3 Ba5 8. Bd3 Bb6 9. Qe2 O-O 10. Bg5 d6 11. N1d2 Be6 12. Be3 d5 13. O-O d4 14. cxd4 Nxd4 15. Nxd4 Bxd4 16. Kh1 Bxe3 17. Qxe3 Qd4 18. Qxd4 exd4 19. a3 Rac8 20. Rac1 a6 21. Kg1 Nd7 22. f4 Nc5 23. Bc4 Bxc4 24. Rxc4 d3 25. Rfc1 b6 26. b4 Nxe4 27. Rxc8 Nxd2 28. Rxf8+ Kxf8 29. Rd1 Nc4 30. Rxd3 a5 31. bxa5 bxa5 32. Rc3 Nd2 33. Rc5 Nb3 34. Rb5 a4 35. Rb4 Nc5 36. Rc4 1-0

[Event "Manitoba op U1800"]
[Site "Winnipeg CAN"]
[Date "2025.05.11"]
[Round "4.19"]
[White "Hui, Zenas"]
[Black "Gannon, Keith"]
[Result "1-0"]
[WhiteElo "1318"]
[BlackElo "1641"]
[WhiteFideId "-1"]
[WhiteFideId "-1"]
[PlyCount "97"]
[GameId "2183595120138828"]
[EventDate "2025.05.09"]
[EventType "swiss"]
[EventRounds "5"]
[EventCountry "CAN"]

1. c4 Nf6 2. Nc3 e5 3. g3 Bb4 4. Bg2 O-O 5. e3 Nc6 6. Nge2 Re8 7. O-O a6 8. a3 Bf8 9. b4 d6 10. Qc2 Bd7 11. d4 exd4 12. Nxd4 Nxd4 13. exd4 Rb8 14. Bb2 c6 15. Ne4 Bf5 16. Nxf6+ Qxf6 17. Qc3 Be4 18. d5 Qxc3 19. Bxc3 cxd5 20. cxd5 Bxg2 21. Kxg2 Rbc8 22. Rac1 g6 23. Bb2 Bg7 24. Bxg7 Kxg7 25. Rfe1 Rxe1 26. Rxe1 Rc7 27. Re3 h5 28. h4 Kh6 29. Kf3 g5 30. hxg5+ Kxg5 31. Re2 h4 32. gxh4+ Kxh4 33. Re8 Rd7 34. Rg8 Kh5 35. Kf4 Kh6 36. Kf5 Kh7 37. Rg3 Re7 38. Kf6 Re2 39. Kxf7 Rxf2+ 40. Ke6 b5 41. Kxd6 Rf6+ 42. Ke7 Rf2 43. d6 Re2+ 44. Kd7 Rc2 45. Kd8 Rc6 46. d7 Kh6 47. Ke7 Rg6 48. Rxg6+ Kxg6 49. d8=Q 1-0

[Event "Manitoba op U1800"]
[Site "Winnipeg CAN"]
[Date "2025.05.11"]
[Round "4.20"]
[White "Baylon, Jorel"]
[Black "Toews, Thomas"]
[Result "1-0"]
[WhiteElo "1782"]
[BlackElo "1444"]
[WhiteFideId "-1"]
[WhiteFideId "-1"]
[PlyCount "53"]
[GameId "2183595120138829"]
[EventDate "2025.05.09"]
[EventType "swiss"]
[EventRounds "5"]
[EventCountry "CAN"]

1. g3 e5 2. c4 c6 3. d4 exd4 4. Qxd4 Nf6 5. Bg2 Be7 6. Nf3 d5 7. O-O O-O 8. Nc3 Be6 9. Ng5 h6 10. Nxe6 fxe6 11. b3 Qc7 12. Qe3 Qd6 13. Bh3 e5 14. cxd5 cxd5 15. Nb5 d4 16. Qd3 Qb6 17. Qc4+ Kh8 18. Nc7 Nc6 19. Nxa8 Rxa8 20. e3 Bc5 21. Re1 Nb4 22. a3 Nbd5 23. b4 Bd6 24. exd4 exd4 25. Bb2 Ne3 26. fxe3 dxe3 27. Bd4 1-0

[Event "Manitoba op U1800"]
[Site "Winnipeg CAN"]
[Date "2025.05.11"]
[Round "4.21"]
[White "Stewart, Michael"]
[Black "Trueman, Francis"]
[Result "0-1"]
[WhiteElo "1448"]
[BlackElo "1549"]
[WhiteFideId "-1"]
[WhiteFideId "-1"]
[PlyCount "108"]
[GameId "2183595120138830"]
[EventDate "2025.05.09"]
[EventType "swiss"]
[EventRounds "5"]
[EventCountry "CAN"]

1. b3 d6 2. Bb2 Nd7 3. c4 e5 4. e3 Ngf6 5. Nf3 Be7 6. Nc3 O-O 7. Qc2 c6 8. d4 Qc7 9. Rd1 Re8 10. Be2 Nf8 11. O-O Bd7 12. Rd2 h5 13. Rfd1 g6 14. dxe5 dxe5 15. Ne4 Bd8 16. Bxe5 Rxe5 17. Nxe5 Qxe5 18. Nd6 Ba5 19. Qb2 Qxb2 20. Rxb2 Rb8 21. c5 Bb4 22. Rc2 Ne6 23. Ne4 Nxe4 24. Rxd7 N4xc5 25. Rd1 Rd8 26. Ra1 Rd2 27. Rc4 Rxe2 28. Rxb4 a5 29. Rc4 Nd3 30. Rc3 Nxf2 31. a4 Ng4 32. Kf1 Rxe3 33. Rxe3 Nxe3+ 34. Kf2 Nf5 35. Rd1 Nc5 36. Rb1 Nd4 37. Rd1 Ndxb3 38. Rd8+ Kg7 39. Rb8 Kf6 40. Ke3 Ke5 41. Re8+ Kd6 42. Rb8 Kc7 43. Rf8 Nxa4 44. Rxf7+ Kb6 45. Rf6 Nc3 46. Kd3 Nd5 47. Rf2 Kc5 48. Kc2 a4 49. Kb2 Kb4 50. Rf3 c5 51. Rg3 Nf4 52. Rg5 Nd4 53. g3 Nde6 54. Re5 Nd3+ 0-1

[Event "Manitoba op U1800"]
[Site "Winnipeg CAN"]
[Date "2025.05.11"]
[Round "4.23"]
[White "Nikkel, Daniel"]
[Black "Lee, Zach Nathaniel"]
[Result "0-1"]
[WhiteElo "1602"]
[BlackElo "1425"]
[WhiteFideId "-1"]
[WhiteFideId "-1"]
[PlyCount "44"]
[GameId "2183595120138832"]
[EventDate "2025.05.09"]
[EventType "swiss"]
[EventRounds "5"]
[EventCountry "CAN"]

1. c4 c6 2. Nc3 d5 3. cxd5 cxd5 4. d4 Nf6 5. Bf4 Bf5 6. e3 e6 7. a3 Nc6 8. Nf3 Bd6 9. Ne5 Bxe5 10. dxe5 Ne4 11. Bb5 Nxc3 12. bxc3 Qa5 13. Bxc6+ bxc6 14. Qc1 O-O 15. O-O Rab8 16. f3 Rb3 17. Rf2 Rxc3 18. Qb2 Rc4 19. Rd2 Qc7 20. Rc1 Rb8 21. Qa1 Rxc1+ 22. Qxc1 Rb1 0-1

[Event "Manitoba op U1800"]
[Site "Winnipeg CAN"]
[Date "2025.05.11"]
[Round "4.25"]
[White "Tomajian, Abdo-Jose"]
[Black "Jo, Asher"]
[Result "1-0"]
[WhiteElo "1592"]
[BlackElo "1745"]
[WhiteFideId "-1"]
[WhiteFideId "-1"]
[PlyCount "73"]
[GameId "2183595120147026"]
[EventDate "2025.05.09"]
[EventType "swiss"]
[EventRounds "5"]
[EventCountry "CAN"]

1. d4 d5 2. c4 e6 3. Nc3 Nf6 4. Bg5 Be7 5. Nf3 O-O 6. Bxf6 Bxf6 7. e3 dxc4 8. Bxc4 Nc6 9. O-O e5 10. d5 Ne7 11. e4 Ng6 12. Rc1 Bg4 13. Be2 Nf4 14. g3 Bh3 15. gxf4 exf4 16. Re1 Qd7 17. Bf1 Qg4+ 18. Kh1 Rad8 19. Bxh3 Qxh3 20. Ng1 Qh5 21. Qxh5 Rfe8 22. Nb5 Re5 23. Qf3 Re7 24. Rxc7 Rxc7 25. Nxc7 Bxb2 26. Nh3 Rc8 27. d6 Be5 28. Qg4 Rd8 29. Nxf4 Bxd6 30. Rg1 Be5 31. Nfe6 fxe6 32. Qxe6+ Kh8 33. Qxe5 Rg8 34. Ne8 a6 35. Nxg7 b5 36. Nh5+ Rg7 37. Qxg7# 1-0

[Event "Manitoba op U1800"]
[Site "Winnipeg CAN"]
[Date "2025.05.11"]
[Round "5.11"]
[White "Lake, Pablo"]
[Black "Klokow, John"]
[Result "1/2-1/2"]
[WhiteElo "1786"]
[BlackElo "1687"]
[WhiteFideId "-1"]
[WhiteFideId "-1"]
[PlyCount "58"]
[GameId "2183595120147027"]
[EventDate "2025.05.09"]
[EventType "swiss"]
[EventRounds "5"]
[EventCountry "CAN"]

1. e4 e5 2. Nc3 Nf6 3. f4 d5 4. fxe5 Nxe4 5. Qf3 Nc6 6. Bb5 Nxc3 7. dxc3 Qh4+ 8. g3 Qe4+ 9. Qxe4 dxe4 10. Bxc6+ bxc6 11. Ne2 Bc5 12. Nd4 Bh3 13. Bf4 h6 14. O-O-O g5 15. Bd2 O-O 16. Rde1 Rfe8 17. e6 Bxe6 18. Rxe4 Bd5 19. Rxe8+ Rxe8 20. Re1 Rxe1+ 21. Bxe1 Kg7 22. Kd2 Kg6 23. Kd3 f5 24. b4 Bxd4 25. cxd4 Bxa2 26. Bd2 Kf6 27. Be3 Ke6 28. c4 a6 29. Bd2 Kd6 1/2-1/2

[Event "Manitoba op U1800"]
[Site "Winnipeg CAN"]
[Date "2025.05.11"]
[Round "5.12"]
[White "Adeyemi, Adebowale"]
[Black "Hansima, Charitha"]
[Result "0-1"]
[WhiteElo "1781"]
[BlackElo "1690"]
[WhiteFideId "-1"]
[WhiteFideId "-1"]
[PlyCount "73"]
[GameId "2183595120147028"]
[EventDate "2025.05.09"]
[EventType "swiss"]
[EventRounds "5"]
[EventCountry "CAN"]

1. d4 g6 2. e4 Bg7 3. c4 d6 4. Nf3 Nf6 5. Nc3 O-O 6. Be3 b6 7. Qc2 Bb7 8. h3 c5 9. d5 Na6 10. a3 Nc7 11. Bd3 Re8 12. O-O e6 13. Rad1 exd5 14. exd5 a6 15. b4 cxb4 16. axb4 Nd7 17. Ne4 Qe7 18. Rfe1 f5 19. Bg5 Qf8 20. Ng3 Ne5 21. Nxe5 Bxe5 22. Bc1 Qg7 23. f4 Bf6 24. Kh2 b5 25. Qb3 bxc4 26. Bxc4 Nb5 27. Qd3 Nc7 28. Be3 Bc3 29. Bd4 Bxd4 30. Rxe8+ Rxe8 31. Qxd4 Qxd4 32. Rxd4 Nb5 33. Rd3 Re1 34. Bxb5 axb5 35. Rd4 Kf7 36. Nh1 Re4 37. Nf2 0-1

[Event "Manitoba op U1800"]
[Site "Winnipeg CAN"]
[Date "2025.05.11"]
[Round "5.13"]
[White "Zhang, Ian"]
[Black "Li, Yuchen"]
[Result "1-0"]
[WhiteElo "1644"]
[BlackElo "1775"]
[WhiteFideId "-1"]
[WhiteFideId "-1"]
[PlyCount "143"]
[GameId "2183595120147029"]
[EventDate "2025.05.09"]
[EventType "swiss"]
[EventRounds "5"]
[EventCountry "CAN"]

1. e4 e5 2. Nc3 Nf6 3. f4 d5 4. fxe5 Nxe4 5. Nf3 Nxc3 6. dxc3 c5 7. Bb5+ Nc6 8. O-O Be7 9. Bf4 O-O 10. Qd2 Qb6 11. Bxc6 bxc6 12. Rab1 Be6 13. Bg5 f6 14. exf6 Bxf6 15. Bxf6 Rxf6 16. b3 Raf8 17. Qe3 Re8 18. Rbe1 Bf7 19. Qg5 Qd8 20. Rxe8+ Bxe8 21. Re1 Bf7 22. Qg3 Bh5 23. Ne5 h6 24. Qh3 Bf7 25. Nxf7 Rxf7 26. Qe6 Qd7 27. Qxd7 Rxd7 28. Re8+ Kf7 29. Rc8 Re7 30. Kf2 Re6 31. Rc7+ Kf6 32. Rxa7 g5 33. a4 c4 34. a5 Ke5 35. a6 Kd6 36. Rh7 Kc5 37. a7 Re8 38. Rxh6 Kb6 39. Rh7 cxb3 40. cxb3 c5 41. g3 Kc6 42. Rh6+ Kc7 43. Ra6 Kb7 44. Ra4 Ka8 45. Ra5 d4 46. cxd4 cxd4 47. Rd5 Kxa7 48. Rxd4 Kb6 49. Kf3 Kc5 50. Re4 Rb8 51. Re5+ Kd6 52. Rxg5 Rxb3+ 53. Kg4 Ke6 54. Rf5 Rb4+ 55. Rf4 Rb5 56. h4 Rb1 57. h5 Rb5 58. Kh4 Rb1 59. g4 Rh1+ 60. Kg5 Ra1 61. Kg6 Ke7 62. h6 Ra6+ 63. Kg7 Ke6 64. Rf6+ Kd7 65. Rxa6 Kc7 66. h7 Kb7 67. Rd6 Kc7 68. Rd1 Kb7 69. Rc1 Ka7 70. Rb1 Ka6 71. h8=Q Ka5 72. Qa8# 1-0

[Event "Manitoba op U1800"]
[Site "Winnipeg CAN"]
[Date "2025.05.11"]
[Round "5.14"]
[White "Villamar, Flyn"]
[Black "Rosenstock, Samuel"]
[Result "1/2-1/2"]
[WhiteElo "1591"]
[BlackElo "1752"]
[WhiteFideId "-1"]
[WhiteFideId "-1"]
[PlyCount "104"]
[GameId "2183595120147030"]
[EventDate "2025.05.09"]
[EventType "swiss"]
[EventRounds "5"]
[EventCountry "CAN"]

1. e4 c6 2. d4 d5 3. exd5 cxd5 4. Nf3 Nf6 5. Nc3 Nc6 6. Bf4 Qb6 7. Rb1 Bf5 8. Bb5 e6 9. Ne5 Be7 10. O-O O-O 11. Bxc6 bxc6 12. Bg5 Qc7 13. Bf4 Bd6 14. Na4 Ng4 15. Re1 f6 16. Nxg4 Bxg4 17. Bxd6 Bxd1 18. Bxc7 Bxc2 19. Rbc1 Bxa4 20. b3 Rac8 21. Bd6 Rfd8 22. Bc5 Bb5 23. a4 Bd3 24. Bxa7 Kf7 25. Re3 Rd7 26. Bb6 Rb7 27. a5 Bb5 28. b4 Re8 29. Rce1 g5 30. Bc5 h5 31. h3 g4 32. h4 Bc4 33. Ra1 Ra8 34. Rea3 Ba6 35. Rc3 Bb5 36. Rb1 e5 37. Re1 e4 38. Ra3 Ke6 39. Kh2 f5 40. Kg3 Rf7 41. Kf4 Kd7 42. g3 Ba6 43. Rc1 Re8 44. Rac3 Rf6 45. Bb6 Bc4 46. Bc5 Ke6 47. Ra3 Ra8 48. Rca1 Ba6 49. Bb6 Kf7 50. Bc5 Re8 51. Re1 Kg6 52. Rae3 Rfe6 1/2-1/2

[Event "Manitoba op U1800"]
[Site "Winnipeg CAN"]
[Date "2025.05.11"]
[Round "5.17"]
[White "Baylon, Jorel"]
[Black "Hui, Zenas"]
[Result "1-0"]
[WhiteElo "1782"]
[BlackElo "1318"]
[WhiteFideId "-1"]
[WhiteFideId "-1"]
[PlyCount "61"]
[GameId "2183595120147032"]
[EventDate "2025.05.09"]
[EventType "swiss"]
[EventRounds "5"]
[EventCountry "CAN"]

1. d4 f5 2. Nc3 Nf6 3. Bg5 e6 4. e4 fxe4 5. Bxf6 Qxf6 6. Nxe4 Qg6 7. Ng3 Be7 8. Bd3 Qf7 9. Nf3 O-O 10. O-O Nc6 11. Ne4 g6 12. b3 b6 13. Nfg5 Bxg5 14. Nxg5 Qf6 15. Qg4 Qe7 16. Rae1 Nd8 17. Re3 Nf7 18. Nxh7 Nh6 19. Qxg6+ Qg7 20. Qxg7+ Kxg7 21. Rg3+ Kf7 22. Rf3+ Nf5 23. Bxf5 exf5 24. Rxf5+ Kg7 25. Nxf8 d6 26. Rf4 c5 27. Re1 b5 28. Re7+ Kh6 29. Rf6+ Kg5 30. Rg6+ Kh5 31. Rh7# 1-0

[Event "Manitoba op U1800"]
[Site "Winnipeg CAN"]
[Date "2025.05.11"]
[Round "5.18"]
[White "Chan, John"]
[Black "Joynt, Kayden"]
[Result "1-0"]
[WhiteElo "1509"]
[BlackElo "1671"]
[WhiteFideId "-1"]
[WhiteFideId "-1"]
[PlyCount "119"]
[GameId "2183595120147033"]
[EventDate "2025.05.09"]
[EventType "swiss"]
[EventRounds "5"]
[EventCountry "CAN"]

1. d4 Nf6 2. c4 g6 3. g3 Bg7 4. Bg2 d6 5. Nc3 O-O 6. Nf3 d5 7. c5 c6 8. O-O Ne4 9. Nxe4 dxe4 10. Ng5 Na6 11. Nxe4 Qxd4 12. Qc2 Bf5 13. Rd1 Bxe4 14. Bxe4 Qxc5 15. Qxc5 Nxc5 16. Bg2 Rfd8 17. Rxd8+ Rxd8 18. Be3 Bxb2 19. Rb1 Na4 20. Bh6 f6 21. Be3 a6 22. Be4 Rd7 23. Bc2 Bd4 24. Bxa4 Bxe3 25. Bb3+ Kf8 26. fxe3 c5 27. Kf2 b5 28. Be6 Rd6 29. Bh3 Ke8 30. Ke1 Kd8 31. Rd1 Kc7 32. Rxd6 exd6 33. Kd2 Kb6 34. Kc3 Ka5 35. Be6 Kb6 36. h4 g5 37. hxg5 fxg5 38. Bf5 h5 39. e4 a5 40. a3 b4+ 41. axb4 cxb4+ 42. Kb3 Kc5 43. e3 a4+ 44. Kxa4 Kc4 45. Be6+ Kc3 46. Bb3 h4 47. gxh4 gxh4 48. Be6 b3 49. Bxb3 h3 50. Bd1 h2 51. Bf3 Kd3 52. Kb5 Kxe3 53. Bh1 Kd4 54. Kc6 Ke5 55. Kd7 Kf6 56. Kxd6 Kf7 57. Kd7 Kf6 58. Kd6 Kf7 59. e5 Ke8 60. Ke6 1-0

[Event "Manitoba op U1800"]
[Site "Winnipeg CAN"]
[Date "2025.05.11"]
[Round "5.20"]
[White "Lee, Zach Nathaniel"]
[Black "Melnyk, James"]
[Result "0-1"]
[WhiteElo "1425"]
[BlackElo "1647"]
[WhiteFideId "-1"]
[WhiteFideId "-1"]
[PlyCount "76"]
[GameId "2183595120147036"]
[EventDate "2025.05.09"]
[EventType "swiss"]
[EventRounds "5"]
[EventCountry "CAN"]

1. e4 d6 2. d4 Nf6 3. Nc3 c6 4. Nf3 Qa5 5. Be3 Nxe4 6. Qd3 Nxc3 7. bxc3 Nd7 8. Be2 g6 9. O-O Bg7 10. Qd2 h6 11. Bd3 Nf6 12. Bf4 Nh5 13. Qe3 Nxf4 14. Qxf4 O-O 15. c4 e5 16. Qe3 Qc7 17. dxe5 dxe5 18. c5 e4 19. Bc4 exf3 20. Qd3 Bf5 21. Qxf3 Bxa1 22. Rxa1 Qa5 23. Rd1 Kg7 24. Qb3 Qc7 25. Qc3+ Kh7 26. Rd4 Qe5 27. Qd2 Rae8 28. Kf1 Qxh2 29. f3 Qe5 30. Rh4 Qg7 31. g4 Be6 32. Bxe6 Rxe6 33. f4 Rfe8 34. Qd7 R8e7 35. Qd8 Qa1+ 36. Kf2 Re2+ 37. Kf3 Qf1+ 38. Kg3 Qg2# 0-1

[Event "Manitoba op U1800"]
[Site "Winnipeg CAN"]
[Date "2025.05.11"]
[Round "5.21"]
[White "Gannon, Keith"]
[Black "Johnston, Devin"]
[Result "0-1"]
[WhiteElo "1641"]
[BlackElo "1413"]
[WhiteFideId "-1"]
[WhiteFideId "-1"]
[PlyCount "78"]
[GameId "2183595120151133"]
[EventDate "2025.05.09"]
[EventType "swiss"]
[EventRounds "5"]
[EventCountry "CAN"]

1. e4 c5 2. Nf3 Nc6 3. d4 cxd4 4. Nxd4 e5 5. Nxc6 bxc6 6. Nc3 Bb4 7. Bd2 Nf6 8. Bd3 O-O 9. O-O Re8 10. Re1 d5 11. exd5 cxd5 12. a3 Ba5 13. b4 Bb6 14. Bb5 Bxf2+ 15. Kxf2 Ng4+ 16. Qxg4 Bxg4 17. Bxe8 Qxe8 18. h3 Bf5 19. Rac1 Rd8 20. g4 d4 21. gxf5 dxc3 22. Bxc3 f6 23. Red1 h5 24. h4 Rxd1 25. Rxd1 Qc6 26. Rd8+ Kh7 27. Rd3 Qe4 28. a4 Qxf5+ 29. Kg3 e4 30. Re3 Qg4+ 31. Kf2 Qxh4+ 32. Ke2 Qh2+ 33. Kd1 Qg1+ 34. Re1 Qg4+ 35. Re2 h4 36. b5 h3 37. Bd4 h2 38. Bxa7 h1=Q+ 39. Kd2 Qd7+ 0-1

[Event "Manitoba op U1800"]
[Site "Winnipeg CAN"]
[Date "2025.05.11"]
[Round "5.22"]
[White "Pacin, Ondrej"]
[Black "Tomajian, Abdo-Jose"]
[Result "0-1"]
[WhiteElo "1403"]
[BlackElo "1592"]
[WhiteFideId "-1"]
[WhiteFideId "-1"]
[PlyCount "74"]
[GameId "2183595120151134"]
[EventDate "2025.05.09"]
[EventType "swiss"]
[EventRounds "5"]
[EventCountry "CAN"]

1. e4 c6 2. c4 d5 3. cxd5 cxd5 4. exd5 Nf6 5. Qa4+ Bd7 6. Qb3 Qb6 7. Bc4 Qd4 8. Ne2 Qb6 9. Qxb6 axb6 10. Nbc3 Na6 11. O-O O-O-O 12. d4 h6 13. Ng3 g5 14. Be3 Nc7 15. Rac1 Kb8 16. d6 Ne6 17. Nf5 exd6 18. d5 Nc5 19. Ng3 b5 20. Bd4 Bg7 21. Nxb5 Bxb5 22. Bxb5 Rhg8 23. Nf5 Bh8 24. Nxh6 Rgf8 25. Bc4 Bg7 26. Nf5 Bh8 27. f3 Nh5 28. Bxh8 Rxh8 29. b4 Na4 30. Bb3 Nb2 31. Bc2 Nf4 32. Rb1 Nc4 33. Rfd1 Na3 34. Rb2 Nc4 35. Rb3 Ne2+ 36. Kh1 Rxh2+ 37. Kxh2 Rh8+ 0-1

[Event "Manitoba op U1800"]
[Site "Winnipeg CAN"]
[Date "2025.05.11"]
[Round "5.24"]
[White "Toews, Thomas"]
[Black "Nikkel, Daniel"]
[Result "1-0"]
[WhiteElo "1444"]
[BlackElo "1602"]
[WhiteFideId "-1"]
[WhiteFideId "-1"]
[PlyCount "75"]
[GameId "2183595120151136"]
[EventDate "2025.05.09"]
[EventType "swiss"]
[EventRounds "5"]
[EventCountry "CAN"]

1. e4 e5 2. Nf3 Nc6 3. d4 exd4 4. Nxd4 Nxd4 5. Qxd4 d6 6. Bd3 Qf6 7. c3 Qxd4 8. cxd4 g6 9. O-O Bg7 10. e5 d5 11. Nc3 c6 12. b4 a6 13. a4 Ne7 14. Bg5 Nf5 15. Bxf5 Bxf5 16. Bf6 Bxf6 17. exf6 O-O 18. Rfe1 Be6 19. a5 Rfe8 20. Na4 Bf5 21. Nc5 Reb8 22. Re7 b5 23. Rc7 Rc8 24. Rxc8+ Bxc8 25. Re1 Be6 26. Nxe6 fxe6 27. Rxe6 Kf7 28. Rxc6 Re8 29. g3 Re6 30. Rxe6 Kxe6 31. g4 Kxf6 32. f4 h5 33. h3 h4 34. Kg2 g5 35. Kf3 Kg6 36. Ke3 Kf6 37. fxg5+ Kxg5 38. Kf3 1-0

[Event "Mardi 2025.04.15"]
[Site "Laval CAN"]
[Date "2025.03.11"]
[Round "1.1"]
[White "Kiryakov, Marin"]
[Black "Saillant, Christopher"]
[Result "1-0"]
[WhiteElo "1783"]
[BlackElo "1767"]
[WhiteFideId "-1"]
[WhiteFideId "-1"]
[PlyCount "85"]
[GameId "2170283202536791"]
[EventDate "2025.04.15"]
[EventType "swiss"]
[EventRounds "5"]
[EventCountry "CAN"]

1. e4 c5 2. Nf3 d6 3. d4 cxd4 4. Nxd4 Nf6 5. Nc3 g6 6. Be3 Bg7 7. f3 O-O 8. Qd2 Nc6 9. O-O-O d5 10. exd5 Nxd5 11. Nxc6 bxc6 12. Bd4 Nxc3 13. Qxc3 Bh6+ 14. Be3 Bxe3+ 15. Qxe3 Qb6 16. Re1 Be6 17. b3 Rab8 18. h4 Qxe3+ 19. Rxe3 h5 20. Bd3 Kg7 21. Rd1 Rfd8 22. Be4 c5 23. Rxd8 Rxd8 24. Rc3 f5 25. Bd3 Rd4 26. Rxc5 Rxh4 27. Kd2 Rd4 28. Ke3 Rd7 29. Bb5 Rd5 30. Rxd5 Bxd5 31. Kd4 Bb7 32. Ke5 h4 33. c4 e6 34. c5 a6 35. Bd7 Bxf3 36. gxf3 h3 37. f4 h2 38. Bc6 Kf7 39. Bg2 Ke7 40. c6 a5 41. c7 Kd7 42. c8=Q+ Kxc8 43. Kxe6 1-0

[Event "Mardi 2025.04.15"]
[Site "Laval CAN"]
[Date "2025.03.11"]
[Round "1.2"]
[White "Lamy, Vincent"]
[Black "Nunez, Omar"]
[Result "0-1"]
[WhiteElo "1764"]
[BlackElo "1859"]
[WhiteFideId "-1"]
[WhiteFideId "-1"]
[PlyCount "78"]
[GameId "2170283203171672"]
[EventDate "2025.04.15"]
[EventType "swiss"]
[EventRounds "5"]
[EventCountry "CAN"]

1. e4 d5 2. d4 dxe4 3. Nc3 Nf6 4. f3 exf3 5. Nxf3 g6 6. Bc4 Bg7 7. Bf4 O-O 8. Qd2 c6 9. Bh6 b5 10. Bxg7 Kxg7 11. Bd3 b4 12. Ne4 a5 13. Nxf6 exf6 14. O-O-O Qd5 15. Kb1 Na6 16. Rde1 Be6 17. b3 Qd7 18. Rhf1 Nc7 19. Qf2 Rfd8 20. Qh4 Nd5 21. Rf2 a4 22. Ref1 axb3 23. cxb3 Nc3+ 24. Ka1 Bxb3 25. Bb1 Bd5 26. Ne1 b3 27. Qxf6+ Kg8 28. Nd3 Ne4 29. Qf4 Nxf2 30. Rxf2 bxa2 31. Bc2 Be6 32. Ne5 Qxd4+ 33. Qxd4 Rxd4 34. Nxc6 Rd6 35. Nb4 Kg7 36. Rf1 Rd2 37. h4 h5 38. g3 Rb8 39. Rf4 Rxc2 0-1

[Event "Mardi 2025.04.15"]
[Site "Laval CAN"]
[Date "2025.04.15"]
[Round "1.3"]
[White "Guillemette, Thomas"]
[Black "Sekki, Abderaouf"]
[Result "1-0"]
[WhiteElo "1921"]
[BlackElo "1909"]
[WhiteFideId "-1"]
[WhiteFideId "-1"]
[PlyCount "49"]
[GameId "2170283203175769"]
[EventDate "2025.04.15"]
[EventType "swiss"]
[EventRounds "5"]
[EventCountry "CAN"]

1. e4 d6 2. d4 Nf6 3. Nc3 Nbd7 4. f4 e5 5. Nf3 exd4 6. Qxd4 c6 7. Be3 d5 8. e5 Bc5 9. Qd2 Qe7 10. Be2 Ng4 11. Bxc5 Qxc5 12. Nd4 Nb6 13. b3 Qe7 14. O-O c5 15. Ndb5 h5 16. Bxg4 hxg4 17. Nxd5 Nxd5 18. Qxd5 Rxh2 19. Kxh2 Qh4+ 20. Kg1 Be6 21. Nc7+ Kf8 22. Nxe6+ fxe6 23. Qd6+ Kg8 24. Qxe6+ Kh8 25. Rad1 1-0

[Event "Mardi 2025.04.15"]
[Site "Laval CAN"]
[Date "2025.03.18"]
[Round "2.1"]
[White "Nunez, Omar"]
[Black "Kiryakov, Marin"]
[Result "0-1"]
[WhiteElo "1859"]
[BlackElo "1783"]
[WhiteFideId "-1"]
[WhiteFideId "-1"]
[PlyCount "37"]
[GameId "2170283203175770"]
[EventDate "2025.04.15"]
[EventType "swiss"]
[EventRounds "5"]
[EventCountry "CAN"]

1. d4 Nf6 2. Bf4 g6 3. Nc3 d5 4. Qd2 Bg7 5. f3 O-O 6. O-O-O c5 7. e3 Nc6 8. g4 Qa5 9. Kb1 Rd8 10. Nge2 b5 11. Nc1 c4 12. e4 dxe4 13. d5 b4 14. Nxe4 Nxd5 15. Bxc4 Nc3+ 16. bxc3 Rxd2 17. Rxd2 bxc3 18. Rd5 Qb4+ 19. Bb3 0-1

[Event "Mardi 2025.04.15"]
[Site "Laval CAN"]
[Date "2025.03.18"]
[Round "2.2"]
[White "Sekki, Abderaouf"]
[Black "Berube, Maximilien"]
[Result "0-1"]
[WhiteElo "1854"]
[BlackElo "1931"]
[WhiteFideId "-1"]
[WhiteFideId "-1"]
[PlyCount "66"]
[GameId "2170283203175771"]
[EventDate "2025.04.15"]
[EventType "swiss"]
[EventRounds "5"]
[EventCountry "CAN"]

1. d4 Nf6 2. c4 e6 3. Nf3 d5 4. Nc3 c6 5. Bg5 dxc4 6. e4 b5 7. e5 h6 8. Bh4 g5 9. Bg3 Nd5 10. Nd2 Be7 11. a4 Bb7 12. Be2 Nd7 13. O-O Nxc3 14. bxc3 Nb6 15. Bh5 c5 16. f4 Qd5 17. Bf3 Qd7 18. Ne4 Nxa4 19. Qb1 O-O-O 20. dxc5 Nxc5 21. Rxa7 Nxe4 22. Rxb7 Qxb7 23. Bxe4 Qb6+ 24. Kh1 g4 25. f5 Rd7 26. fxe6 fxe6 27. Qb2 Rhd8 28. Qe2 h5 29. h3 Rd2 30. Qe1 gxh3 31. gxh3 Rd1 32. Qxd1 Rxd1 33. Rxd1 Qe3 0-1

[Event "Mardi 2025.04.15"]
[Site "Laval CAN"]
[Date "2025.03.18"]
[Round "2.3"]
[White "Lesage, Philippe"]
[Black "Guillemette, Thomas"]
[Result "1-0"]
[WhiteElo "1796"]
[BlackElo "1883"]
[WhiteFideId "-1"]
[WhiteFideId "-1"]
[PlyCount "67"]
[GameId "2170283203175772"]
[EventDate "2025.04.15"]
[EventType "swiss"]
[EventRounds "5"]
[EventCountry "CAN"]

1. c4 e5 2. Nc3 Nf6 3. Nf3 Nc6 4. e3 Bb4 5. Qc2 Bxc3 6. Qxc3 e4 7. Nd4 O-O 8. Be2 d6 9. b3 Ne5 10. Bb2 Bg4 11. f3 Bd7 12. f4 Nc6 13. h3 Ne8 14. O-O-O Qf6 15. Rhf1 Nxd4 16. exd4 c6 17. Qb4 b6 18. d5 Qg6 19. dxc6 Bxc6 20. g4 f5 21. gxf5 Qxf5 22. Bg4 Qc5 23. Be6+ Kh8 24. Qc3 Nf6 25. Rg1 Rae8 26. Rg5 Qf2 27. f5 Re7 28. Rdg1 Bd7 29. R5g2 Qf3 30. Qd4 Bxe6 31. fxe6 Qf5 32. Qxd6 Qc5 33. Qf4 Qc8 34. Ba3 1-0